Business finance / (Record no. 5792)

MARC details
000 -LEADER
fixed length control field 00843nam a22002777i 4500
003 - CONTROL NUMBER IDENTIFIER
control field URS
005 - DATE AND TIME OF LATEST TRANSACTION
control field 20251001091313.0
008 - FIXED-LENGTH DATA ELEMENTS--GENERAL INFORMATION
fixed length control field 181205b xxu||||| |||| 00| 0 eng d
020 ## - INTERNATIONAL STANDARD BOOK NUMBER
International Standard Book Number 9789712348747
040 ## - CATALOGING SOURCE
Language of cataloging eng
Description conventions rda
Transcribing agency URS
050 14 - LIBRARY OF CONGRESS CALL NUMBER
Classification number HG4026
Item number .M4689 2007
100 1# - MAIN ENTRY--PERSONAL NAME
Personal name Medina, Roberto G.
Relator term author
245 10 - TITLE STATEMENT
Title Business finance /
Statement of responsibility, etc. Roberto G. Medina.
250 ## - EDITION STATEMENT
Edition statement Second edition
264 #1 - PRODUCTION, PUBLICATION, DISTRIBUTION, MANUFACTURE, AND COPYRIGHT NOTICE
Place of production, publication, distribution, manufacture Manila :
Name of producer, publisher, distributor, manufacturer Rex Bookstore,
Date of production, publication, distribution, manufacture, or copyright notice [date of publication not idenfitied].
264 #4 - PRODUCTION, PUBLICATION, DISTRIBUTION, MANUFACTURE, AND COPYRIGHT NOTICE
Date of production, publication, distribution, manufacture, or copyright notice ©2007
300 ## - PHYSICAL DESCRIPTION
Extent xi, 228 pages :
Other physical details illustrations ;
Dimensions 28 cm
336 ## - CONTENT TYPE
Content type term text
Content type code txt
Source rdacontent
336 ## - CONTENT TYPE
Content type term still image
Content type code sti
Source rdacontent
337 ## - MEDIA TYPE
Media type term unmediated
Media type code n
Source rdamedia
338 ## - CARRIER TYPE
Carrier type term volume
Carrier type code nc
Source rdacarrier
504 ## - BIBLIOGRAPHY, ETC. NOTE
Bibliography, etc. note Includes bibliographical references and index.
526 ## - STUDY PROGRAM INFORMATION NOTE
Program name BSBA-FM
650 #0 - SUBJECT ADDED ENTRY--TOPICAL TERM
Topical term or geographic name entry element Business
General subdivision Finance
942 ## - ADDED ENTRY ELEMENTS (KOHA)
Koha item type Filipiniana
Source of classification or shelving scheme Library of Congress Classification
Holdings
Withdrawn status Damaged status Not for loan Collection code Home library Current library Shelving location Date acquired Source of acquisition Cost, normal purchase price Total Checkouts Full call number Barcode Date last seen Price effective from Koha item type Source of classification or shelving scheme Date last checked out
        Binangonan College Library Binangonan College Library Filipiniana Section 06/07/2023       HG 4026 M43 2007 URSBIN-3002 02/09/2023 02/09/2023 Filipiniana Library of Congress Classification  
      Non-fiction Tanay College Library Tanay College Library New Materials Shelf 11/26/2015 Purchase 321.00   HG 4026 M4689 2007 URSTAN-N1687 04/06/2017 03/10/2016 Filipiniana    
      Non-fiction Tanay College Library Tanay College Library New Materials Shelf 11/26/2015 Purchase 321.00   HG 4026 M4689 2007 URSTAN-N1688 04/06/2017 03/10/2016 Filipiniana    
      Non-fiction Tanay College Library Tanay College Library Reserve Section 11/26/2015 Purchase 321.00 1 HG4026 .M4689 2007 URSTAN-N1689 12/05/2018 03/10/2016 Filipiniana Library of Congress Classification 12/06/2016

University of Rizal System
Email us at univlibservices@urs.edu.ph

Visit our Website www.urs.edu.ph/library